Highlander 2

Bibliographic Details
Other Authors: Mulcahy, Russell, 1953- (Director), Connery, Sean, 1930-2020 (Actor), Lambert, Christopher, 1957- (Actor)
Format: Video DVD
Language:Czech
English
PhysicalDescription:1 videodisk (DVD) (105 min.) zvuk., fareb.
Published: [Bratislava] Intersonic 2006
Subjects:

MARC

LEADER 00000ngm a2200000 a 4500
001 vtls008691116
003 SK-MaSNL
005 20260301021707.0
007 vd cvaizs
008 060418s2006 xo 105 d vlcze
028 4 2 |a 99264  |b Intersonic 
040 |a SNK  |b slo  |c SNK  |e AACR2 
041 1 |a eng  |a cze  |h eng 
044 |a xo  |c SK 
072 7 |a 791  |x Film. Cirkus. Ľudová zábava  |2 konspekt 
080 |a 791.221.8(73)  |2 2001 
080 |a (0.034.44)  |2 2001 
245 0 0 |a Highlander 2  |h videozáznam  |c [réžia Russell Mulcahy] 
260 |a [Bratislava]  |b Intersonic  |c 2006 
300 |a 1 videodisk (DVD) (105 min.)  |b zvuk., fareb. 
511 0 |a Hrajú: Sean Connery, Christopher Lambert 
521 1 |a Mládeži do 15 r. nevhodné 
538 |a Zvuk DD 5.1, 2.0, PAL 4:3 
546 |a V originálnom angl. znení, obsahuje český dabing, české titulky, výber scén, trailery + bonus 
650 0 7 |a hrané filmy  |2 SNKPH  |9 68885 
650 0 7 |a fantasy filmy  |2 SNKPH  |9 138623 
655 7 |a DVD  |2 SNKPH  |9 70751 
700 1 |a Mulcahy, Russell, 1953-  |4 drt  |9 311083 
700 1 |a Connery, Sean,  |d 1930-2020  |4 act  |9 119194 
700 1 |a Lambert, Christopher,  |d 1957-  |4 act  |9 119192 
999 |c 565892  |d 567822 
952 |a SNK  |b SNK  |y PREZ  |7 0  |p 17A0506021  |o snkSDVD 76  |i snk2006/7739  |8 0  |0 0  |1 0  |4 0  |d 2006-04-18  |l 0  |r 2026-02-23 13:57:24  |w 2026-02-23